000 00606nam a22002177a 4500
005 20230327055507.0
008 230327b |||||||| |||| 00| 0 eng d
020 _a978-0-399-16243-5
082 _aFic. Y21 2016
100 _aYancey, Rick
_eauthor
245 _aThe last star /
_cRick Yancey
260 _aNew York:
_bG.P. Putnam,
_cc2016
300 _a338p.
490 _aThe 5th wave; book 3
541 _e5545
650 _aHuman - alien encounters - Fiction
650 _aExtraterrestrial beings - Fiction
650 _aSurvival - Fiction
650 _aWar - Fiction
650 _aScience fiction
999 _c1990
_d1990